| 000 | 01017cam a2200253 4500 | ||
|---|---|---|---|
| 001 | WB3928-13 | ||
| 008 | 030721n2003 000 0 eng u | ||
| 035 | _a(Sirsi) u123067 | ||
| 245 | _aCoastal revival | ||
| 260 | _c2003 | ||
| 490 |
_aPlanning (for the Natural and Built Environment) _v(1532) 18 July 2003, 5(1) |
||
| 520 | _aQuality design and imaginative planning are vital to the revival of English seaside town, claims a new report. The study, by CABE and English Heritage, looks at cases where design excellence has helped reverse the decline of the nation's coastal resorts. "Shifting sands" is available, free of charge, from English Heritage t +44 (0) 870 331 1181. | ||
| 590 | _aWB | ||
| 650 | _aENGLISH HERITAGE | ||
| 650 | _aSEASIDE RESORTS | ||
| 650 | _aCABE | ||
| 650 | _aDECLINE | ||
| 650 | _aREGENERATION | ||
| 650 | _aDESIGN QUALITY | ||
| 650 | _aRESEARCH REPORTS | ||
| 650 | _aCASE STUDIES | ||
| 690 | _aENVIRONMENTAL AND LAND CONSULTANCY-PLANNING AND DEVELOPMENT | ||
| 942 | _n0 | ||
| 999 |
_c73075 _d73075 |
||